00199nam a22000857a 4500082001800000100002000018245003800038260002800076300000900104 a621.381 ZIE'S aZIEL, A. V. DER aSOLID STATE PHYSICAL ELECTRONICS  aLONDONbMACMILLANc1958 a604P